[Event "13th Poti Nana Aleksandria Cup"]
[Site "Poti"]
[Date "2018.07.13"]
[Round "1"]
[White "Paichadze, Luka"]
[Black "Poormosavi, Seyed Kian"]
[Result "1-0"]
[WhiteElo "2564"]
[BlackElo "2221"]
[Annotator "TA"]
[PlyCount "91"]
[EventDate "2018.07.13"]
[EventType "swiss"]
[EventCountry "GEO"]
[SourceTitle "playchess.com"]
[Source "ChessBase"]
[SourceQuality "1"]

{[%evp 20,91,34,1,25,0,0,3,8,0,0,13,21,39,88,81,79,82,155,152,220,228,687,194,192,192,191,199,212,193,432,420,396,285,283,275,285,282,287,278,252,239,316,316,304,264,262,266,271,246,434,434,434,434,434,434,433,416,678,669,836,836,828,773,635,535,6223,5531,29977,29978,29978,29979,29979,29980]} 1. e4 {[%cal Be2e4,Be4e5][%mdl 32]} c5 2. Nf3 Nc6 3. c3 Nf6 4. e5 Nd5 5. Bc4 {[%cal Bf1c4,Bc4b3,Bb3c2][%mdl 32]} Nb6 6. Bb3 c4 7. Bc2 d6 8. exd6 Qxd6 9. O-O Bg4 {[%cal Bc8g4,Bg4h5,Bh5g6,Bg6d3][%mdl 32] B22: Sizilianisch (Alapin 2.c3)} (9... g6 10. b3 Bg7 11. Na3 cxb3 12. axb3 O-O 13. Nc4 Nxc4 14. bxc4 Be6 15. Qe2 Qc5 16. Ra4 Na5 17. d4 Qc7 18. Bd3 Rac8 19. Bf4 Qxf4 20. Rxa5 {½-½ (31) Piorun,K (2633)-Wojtaszek,R (2750) Warsaw 2018}) 10. h3 Bh5 11. Qe2 {LiveBook: 9 Partien} Rd8 {Die Stellung ist ausgeglichen.} 12. Na3 $146 ({Vorgänger:} 12. b3 cxb3 13. axb3 Bg6 14. Ba3 Qc7 15. Bxg6 hxg6 16. Re1 Rh5 17. d4 {½-½ (32) Podoba,M (2038)-Zatko,G (2188) Slovakia 2017}) 12... Qf6 13. Be4 Ne5 $1 14. g4 {[#] Sxe5 ist eine echte Drohung.} Nxf3+ $1 15. Qxf3 Bg6 16. Bxb7 {Und weiter mit Lc6+ wäre nett.} Bd3 17. Bc6+ Nd7 18. Re1 $36 {[%mdl 2048] Droht Sb5 und aus. Weiss ist am Drücker.} e6 {[#]} (18... Qxf3 $142 19. Bxf3 f6) 19. b3 $1 $16 Bxa3 (19... Qxf3 $16 20. Bxf3 h5) 20. Bxa3 $18 h5 $2 (20... Qxf3 21. Bxf3 h5 22. gxh5 Rb8) 21. bxc4 $2 (21. Qd5 a5 22. bxc4) 21... Qxf3 22. Bxf3 hxg4 23. hxg4 ({Bloß nicht} 23. Bxg4 $6 Nb6 $14) 23... Bxc4 24. Rab1 f6 $2 (24... Rh3) 25. Rb7 Rb8 {Jetzt ...Txb7 und Schwarz darf weiter klammern.} 26. Rxb8+ Nxb8 27. d3 Bxd3 28. Rxe6+ Kf7 29. Re7+ Kg6 30. Rxa7 Re8 31. Bd6 Rd8 32. Bc7 Rc8 33. Bf4 Nc6 34. Rd7 Bb1 $2 (34... Bc2 35. Bd5 Ne5 36. Bxe5 fxe5) 35. Rc7 Rxc7 36. Bxc7 {[%mdl 4096] Endspiel KLL-KLS} Ne7 37. a4 {[%cal Ba2a4,Ba4a5,Ba5a6][%mdl 32]} Bd3 38. Bd6 Kf7 (38... Nc8 $142 39. Bc5 Ba6) 39. Bb7 Ke6 40. Bxe7 Kxe7 {KL-KL} 41. f3 Kd6 42. a5 g5 43. Kf2 f5 44. gxf5 {Weiß setzt Matt.} Bxf5 45. a6 Kc7 46. Be4 {Precision: Weiß = 74%, Schwarz = 36%.} 1-0

[Event "13th Poti Nana Aleksandria Cup"]
[Site "Poti"]
[Date "2018.07.13"]
[Round "1"]
[White "Mosadeghpour, Masoud"]
[Black "Vakhania, Aleksandra"]
[Result "1/2-1/2"]
[WhiteElo "2531"]
[BlackElo "2182"]
[Annotator "TA"]
[PlyCount "101"]
[EventDate "2018.07.13"]
[EventType "swiss"]
[EventCountry "GEO"]
[SourceTitle "playchess.com"]
[Source "ChessBase"]
[SourceQuality "1"]

{[%evp 17,101,58,101,33,33,0,1,0,7,0,35,-1,-2,-104,-80,-138,-105,-116,-97,-154,-123,-141,-149,-202,-184,-200,-187,-185,-144,-133,-135,-131,-120,-148,-142,-164,-154,-221,-213,-228,-241,-231,-114,-127,-125,-173,-173,-177,-164,-185,-172,-172,-175,-184,-187,-181,-181,-183,-170,-158,-140,-129,-76,-76,-76,-76,-74,-84,0,-61,-61,-61,-61,-67,-61,-76,-14,-45,-14,-14,-14,-14,-14,-14,-14,-15]} 1. e4 c6 2. d4 d5 3. Nd2 g6 4. Ngf3 Bg7 5. c3 Nh6 6. Bd3 O-O 7. O-O f6 8. Re1 Nf7 9. h4 {B12: Caro-Kann: Advance Variation} e5 {LiveBook: 4 Games} 10. dxe5 $146 (10. h5 $16) ({Predecessor:} 10. h5 exd4 11. cxd4 f5 12. e5 Be6 13. Nb3 Nd7 14. Be3 g5 15. Qc2 Kh8 16. Bd2 g4 {0-1 (37) Das,S (2444)-Burmakin,V (2571) Barcelona 2015}) 10... fxe5 $14 {[%cal Bf6e5,Be5e4][%mdl 32]} 11. Nf1 {White is slightly better.} Nd7 12. Bc2 Nc5 13. exd5 cxd5 14. Be3 b6 15. h5 (15. Ng5 $11 {keeps the balance.} d4 16. Bd2) 15... e4 $1 $17 {[%cal Re4f3]} ({Don't play} 15... gxh5 $6 16. Ng3 $11) 16. hxg6 (16. N3h2 $142) 16... hxg6 17. Nd4 {[#]} Ne5 $1 18. b4 ({Better is} 18. f3) 18... Ncd3 19. Bxd3 Nxd3 20. Qb3 (20. Re2 $17) 20... Nxe1 21. Rxe1 Qd6 22. Rd1 Bg4 23. Rd2 Rad8 24. b5 Be6 25. Nc6 Rd7 26. Qc2 Qa3 27. c4 (27. Bd4 $17) 27... Qc3 $19 {And now ...Qxc2 would win.} 28. Qxc3 Bxc3 29. cxd5 Bf7 (29... Bxd2 $19 30. dxe6 {[#]} Bxe3 $1 {[%mdl 512]} 31. exd7 Bxf2+ 32. Kh2 Bh4) 30. Rd1 Re8 31. a4 Bxd5 32. Nxa7 Ba5 33. Bf4 Red8 34. Ne3 Bb3 35. Rb1 Rxa7 ({Much less strong is} 35... Bxa4 36. Nc6 $17) 36. Rxb3 Rd3 37. Rb1 {White hopes to continue with Nc4.} Bc3 38. Nc4 Rxa4 39. Nxb6 Ra1 (39... Rb4 $142 40. Rxb4 Bxb4) 40. Rxa1 $17 Bxa1 {[%mdl 4096] Endgame KRB-KBN} 41. Nc4 Bd4 {Hoping for ...Rd1+.} 42. b6 Rd1+ 43. Kh2 {White wants to play b7.} Rb1 44. Nd2 Rxb6 (44... Rb2 {with more complications.} 45. b7 Rxb7 46. Nxe4 Kg7 47. Kg3 Rb2) 45. Nxe4 Re6 46. f3 Be5 (46... Ra6 $17) 47. Kg3 Bxf4+ 48. Kxf4 {The position is equal.} Kg7 49. g3 Ra6 50. Kg5 Ra5+ 51. Kg4 {Precision: White = 49%, Black = 64%.} 1/2-1/2

[Event "13th Poti Nana Aleksandria Cup"]
[Site "Poti"]
[Date "2018.07.13"]
[Round "1"]
[White "Golubov, Saveliy"]
[Black "Matevosyan, Sedrak"]
[Result "1/2-1/2"]
[WhiteElo "2488"]
[BlackElo "2161"]
[Annotator "TA"]
[PlyCount "179"]
[EventDate "2018.07.13"]
[EventType "swiss"]
[EventCountry "GEO"]
[SourceTitle "playchess.com"]
[Source "ChessBase"]
[SourceQuality "1"]

{[%evp 29,179,70,85,63,81,68,87,0,210,200,181,191,236,163,158,155,144,61,112,120,114,113,116,144,145,123,144,-26,-31,-37,-42,-199,-69,-59,-89,-122,-130,-123,-114,-130,-105,-109,-126,-274,-93,-93,-93,-106,-13,-114,-87,-210,-210,-206,-202,-212,-212,-213,-213,-213,-100,-100,-100,-100,-98,-100,-56,-56,-56,-56,-56,-56,-56,-56,-56,-56,-56,-56,-56,-68,-68,-68,-56,-56,-46,-56,-56,-54,-8,-8,-8,-8,-8,-14,-8,-8,-8,-8,-8,-8,-8,-24,0,-8,-8,-13,0,-8,-8,-8,-8,-14,-8,-8,-8,-8,0,-8,0,-14,-14,-14,-14,-14,-14,-14,-14,-50,-8,-8,-8,-46,-7,-8,-8,-8,-8,-8,-8,-62,-8,-8,-8,-8,0,-8,-8,-8,-8,-8,-8,-29981]} 1. e4 c5 2. Nf3 d6 3. d4 cxd4 4. Nxd4 Nf6 5. f3 a6 6. c4 e6 7. Nc3 Be7 8. Be3 b6 9. Be2 Bb7 10. O-O Nbd7 11. a4 O-O 12. a5 bxa5 13. Nb3 Rb8 {A31: Symmetrical English: 2 Nf3 Nf6 3 d4} 14. Nxa5 Ba8 15. Qd2 Qc7 {LiveBook: 63 Games. White is slightly better.} 16. Rfd1 (16. Rfc1 Ne5 17. Nd1 Rfc8 18. b4 Qd7 19. Rab1 Bd8 20. Nb3 Qe7 21. c5 {1-0 (50) Matlakov,M (2691)-Evdokimov,A (2495) Sochi 2016}) 16... Rfe8 17. Kh1 h6 $146 ({Predecessor:} 17... Ne5 18. Rdc1 Red8 19. Bd4 Rd7 20. b4 Qd8 21. Rcb1 {0-1 (75) Chuchelov,V (2562)-Grooten,H (2376) Netherlands 2005}) 18. b4 ({White should try} 18. Rdc1 $16) 18... Ne5 $2 (18... Rxb4 $11 19. Nb5 axb5 20. Qxb4 d5 21. Qxb5 Rb8) 19. b5 $1 $18 d5 20. exd5 (20. cxd5 Bb4 $16) 20... Bb4 21. b6 (21. bxa6 exd5 22. a7 Rbc8 $15) 21... Rxb6 22. Bxb6 Qxb6 23. Nb3 (23. Rdb1 $1 $16) 23... exd5 (23... Qf2 $1 $14) 24. c5 $1 $16 {[%cal Rc5b6]} (24. cxd5 $6 Qb8 $11) 24... Qb8 25. Rxa6 {Threatens to win with Rb6.} Neg4 26. fxg4 {Strongly threatening Rb6.} Ne4 27. Qc2 Nxc3 28. Rda1 $2 (28. Rb6 $16 Qe5 29. Ra1 (29. Rxb4 Nxd1 30. Qxd1 Qxe2 $11)) 28... Bb7 $36 {[%mdl 2048] Black has the initiative.} 29. Rb6 $1 Rxe2 30. Qf5 $2 {[#]} (30. Qd3 $1 $15) 30... Qe8 (30... d4 $1 $19 31. c6 (31. Nxd4 Rxg2) 31... Qa7 $1 {[%mdl 512]} 32. Qxf7+ Kxf7 33. Rxb7+ Qxb7 $1 {[%mdl 512]} 34. cxb7 Bd6 35. Nxd4 Rb2) 31. Qf1 $15 Bc6 32. Rxc6 ({But not} 32. Rxb4 $2 d4 $1 $19 {[%mdl 512]}) 32... Qxc6 33. Nd4 Qe8 34. Nxe2 Nxe2 35. Rb1 Ba5 ({Weaker is} 35... Bxc5 36. Re1 $11) 36. Qf3 (36. Ra1 $17 Bb4 {[#]} 37. c6 $1 {[%mdl 512]}) 36... Nd4 $2 (36... Nc3 $19 {and Black stays clearly on top.} 37. Ra1 Bb4) 37. Qxd5 $17 Ne6 38. Ra1 Qd8 (38... Nf8 $17 39. Rf1 Bc7) 39. Qc6 (39. Qxd8+ $11 {remains equal.} Bxd8 40. Rd1) 39... g6 40. Qb5 (40. h3 $17) 40... Bc7 $19 41. Rf1 Qe7 42. Qc6 Kg7 43. Qf3 Nxc5 44. g3 Qe4 (44... Nd7 $19 45. Kg2 Nf6) 45. Qxe4 $17 Nxe4 46. Kg2 Nf6 47. Kf3 h5 48. gxh5 Nxh5 49. Rc1 Bd6 50. Rc6 Be7 51. Rc7 Bf8 52. Rb7 Nf6 53. Rb5 Ne8 54. Rb7 Nd6 55. Ra7 Kf6 56. Ra6 Ke6 57. Kf4 Bh6+ 58. Kf3 f5 59. h4 Bd2 60. Ra2 Bc3 61. Ra6 Be5 62. Rc6 Kf7 63. Rc7+ Kf6 64. Rc6 Kg7 65. Rc5 Kf6 66. Rc6 Ke7 67. Ra6 Ke6 68. Rc6 Kd5 69. Ra6 Bc3 70. Kg2 Bf6 71. Kf3 Ne4 72. Rb6 Nd6 73. Ra6 Bc3 74. Kf4 Bd2+ 75. Kf3 Ke5 76. Rb6 Ba5 77. Ra6 Bd8 78. Ra8 Bc7 79. Ra6 Kd5 80. Ra7 Kc6 (80... Nb5 $5 {[%cal Rb5a7]} 81. Ra4 Nd4+ 82. Ke3 Ke5 $17) 81. Ra8 Nf7 82. Ra6+ Kd5 83. Ra7 Kd6 84. Rb7 ({White should play} 84. Kf4 $11) 84... Kc6 ({Better is} 84... Ne5+ $1 $15 85. Kg2 Kd7) 85. Ra7 {The position is equal.} Ne5+ 86. Kf4 {aiming for Rxc7+!} Nf7+ 87. Rxc7+ Kxc7 {[#]} 88. h5 $1 {[%mdl 512]} gxh5 89. Kxf5 Kd6 90. Ke4 $2 {[%mdl 40960] Precision: White = 43%, Black = 43%. . An unexpected result.} (90. Kf6 $11 Nh8 91. Kg5) 1/2-1/2

[Event "13th Poti Nana Aleksandria Cup"]
[Site "Poti"]
[Date "2018.07.13"]
[Round "1"]
[White "Sindarov, Javokhir"]
[Black "Eynullayev, Altay"]
[Result "1/2-1/2"]
[WhiteElo "2474"]
[BlackElo "2134"]
[Annotator "ChessBase"]
[PlyCount "113"]
[EventDate "2018.07.13"]
[EventType "swiss"]
[EventCountry "GEO"]
[SourceTitle "playchess.com"]
[Source "ChessBase"]
[SourceQuality "1"]
[TimeControl "40/5400+30:1800+30"]

1. e4 {[%emt 0:00:00]} e6 {[%emt 0:00:00]} 2. Qe2 {[%emt 0:12:24]} c5 {[%emt 0:00:00]} 3. Nf3 {[%emt 0:00:05]} Nc6 {[%emt 0:00:00]} 4. g3 {[%emt 0:00:02]} g6 {[%emt 0:00:00]} 5. Bg2 {[%emt 0:00:04]} Bg7 {[%emt 0:00:01]} 6. d3 {[%emt 0:00:07]} Nge7 {[%emt 0:00:06]} 7. c3 {[%emt 0:00:04]} d6 {[%emt 0:00:08]} 8. Na3 {[%emt 0:01:36]} b6 {[%emt 0:00:08]} 9. Nc2 {[%emt 0:01:02]} Ba6 {[%emt 0:00:14]} 10. O-O {[%emt 0:00:38]} O-O {[%emt 0:00:06]} 11. h4 {[%emt 0:00:08]} h6 {[%emt 0:01:36]} 12. Rd1 {[%emt 0:04:00]} Qd7 {[%emt 0:02:29]} 13. Qe1 {[%emt 0:09:24]} Rac8 {[%emt 0:11:36]} 14. Ne3 {[%emt 0:10:43]} Kh7 {[%emt 0:09:44]} 15. d4 {[%emt 0:04:28]} cxd4 {[%emt 0:04:27]} 16. cxd4 {[%emt 0:00:05]} d5 {[%emt 0:04:10]} 17. e5 {[%emt 0:01:43]} Nf5 {[%emt 0:04:58]} 18. Ng4 {[%emt 0:07:51]} Qe7 {[%emt 0:11:14]} 19. b3 {[%emt 0:01:29]} Qb4 {[%emt 0:08:13]} 20. Bd2 {[%emt 0:09:00]} Qb5 {[%emt 0:05:35]} 21. Bc3 {[%emt 0:15:06]} Qe2 {[%emt 0:02:20]} 22. Nf6+ {[%emt 0:07:04]} Bxf6 {[%emt 0:06:16]} 23. exf6 {[%emt 0:00:12]} Qxe1+ {[%emt 0:02:45]} 24. Rxe1 {[%emt 0:00:08]} Nd6 {[%emt 0:02:58]} 25. Bb2 {[%emt 0:07:53]} Ne4 {[%emt 0:03:59]} 26. Ba3 {[%emt 0:00:03]} Rfe8 {[%emt 0:06:30]} 27. Ne5 {[%emt 0:00:04]} Nxe5 {[%emt 0:04:08]} 28. dxe5 {[%emt 0:00:04]} Nc5 {[%emt 0:00:04]} 29. Rad1 {[%emt 0:00:45]} Red8 {[%emt 0:00:35]} 30. h5 {[%emt 0:01:11]} g5 {[%emt 0:01:43]} 31. Rd4 {[%emt 0:00:09]} Nd3 {[%emt 0:00:51]} 32. Re3 {[%emt 0:00:07]} Nc1 {[%emt 0:00:47]} 33. Rd2 {[%emt 0:00:09]} Rc6 {[%emt 0:02:28]} 34. Bf1 {[%emt 0:00:28]} Bxf1 {[%emt 0:00:44]} 35. Kxf1 {[%emt 0:00:03]} Rdc8 {[%emt 0:00:21]} 36. Re1 {[%emt 0:01:49]} a5 {[%emt 0:01:11]} 37. f4 {[%emt 0:00:41]} b5 {[%emt 0:00:33]} 38. fxg5 {[%emt 0:01:41]} hxg5 {[%emt 0:00:07]} 39. g4 {[%emt 0:03:07]} b4 {[%emt 0:00:34]} 40. Bxc1 {[%emt 0:00:00]} Rxc1 {[%emt 0:00:00]} 41. Rxc1 Rxc1+ {[%emt 0:00:07]} 42. Ke2 {[%emt 0:06:03]} Rg1 {[%emt 0:08:45]} 43. Kf3 {[%emt 0:01:34]} Rf1+ {[%emt 0:00:33]} 44. Rf2 {[%emt 0:00:10]} Rc1 {[%emt 0:01:56]} 45. Re2 {[%emt 0:03:59]} Rf1+ {[%emt 0:00:15]} 46. Kg2 {[%emt 0:01:35]} Rc1 {[%emt 0:01:08]} 47. Kf2 {[%emt 0:00:27]} Rc3 {[%emt 0:01:08]} 48. Rd2 {[%emt 0:02:01]} Kh8 {[%emt 0:01:04]} 49. Kf1 {[%emt 0:01:24]} Rc1+ {[%emt 0:01:04]} 50. Ke2 {[%emt 0:00:23]} Rg1 {[%emt 0:00:00]} 51. Kf3 {[%emt 0:00:31]} Rc1 {[%emt 0:00:44]} 52. Ke3 {[%emt 0:02:51]} Rg1 {[%emt 0:02:40]} 53. Kf3 {[%emt 0:01:11]} Rc1 {[%emt 0:00:42]} 54. Kf2 {[%emt 0:00:12]} Rc3 {[%emt 0:00:24]} 55. Kf1 {[%emt 0:00:15]} Rc1+ {[%emt 0:00:10]} 56. Ke2 {[%emt 0:01:24]} Rg1 {[%emt 0:00:30]} 57. Kf3 {[%emt 0:00:08]} 1/2-1/2

[Event "13th Poti Nana Aleksandria Cup"]
[Site "Poti"]
[Date "2018.07.13"]
[Round "1"]
[White "Nigmatov, Ortik"]
[Black "Eynullayev, Atilla"]
[Result "1/2-1/2"]
[WhiteElo "2461"]
[BlackElo "2120"]
[Annotator "TA"]
[PlyCount "83"]
[EventDate "2018.07.13"]
[EventType "swiss"]
[EventCountry "GEO"]
[SourceTitle "playchess.com"]
[Source "ChessBase"]
[SourceQuality "1"]

{[%evp 16,83,0,0,25,-8,25,32,27,26,25,28,47,40,80,79,71,50,88,72,68,30,32,36,35,22,27,29,32,33,41,17,22,18,7,11,57,54,51,53,57,66,63,0,0,0,34,-35,0,0,0,0,5,0,231,223,208,226,181,0,0,0,0,0,0,0,0,0,0,0]} 1. e4 e6 2. d4 d5 3. Nc3 Bb4 4. e5 c5 5. Bd2 Ne7 6. Nb5 Bxd2+ 7. Qxd2 O-O 8. Nf3 b6 {C17: French: 3 Nc3 Bb4 4 e5 c5 sidelines} 9. c3 $1 {LiveBook: 5 Games} Bd7 $146 ({Predecessor:} 9... Ba6 10. a4 Nbc6 11. b4 Nf5 12. Bd3 Nh4 13. Nxh4 Qxh4 14. O-O cxd4 {0-1 (26) Stocek,J (2546)-Vallejo Pons,F (2711) Tallinn 2016}) 10. Na3 cxd4 11. cxd4 Nbc6 12. Bd3 f6 13. O-O Be8 14. Rac1 Ng6 15. Bxg6 (15. Rc3 {is interesting.} Nge7 16. Re1 h6 17. exf6 Rxf6 18. Nc2) 15... hxg6 16. Rfe1 Qe7 17. Qe3 Bd7 18. Nb1 g5 19. h3 Qf7 20. Qa3 Rac8 {Black wants to play ...fxe5.} 21. exf6 gxf6 22. Qd6 Rfe8 23. Rc3 Qe7 24. Qg3 Qg7 25. Rec1 Ne7 26. Rxc8 $1 Rxc8 27. Rxc8+ Nxc8 28. Nc3 Bc6 29. b4 (29. a3 $14) 29... Kf8 $11 30. a3 Be8 31. Nd2 (31. Nh2 $14) 31... Qe7 32. h4 Qd6 33. Qg4 Qf4 34. Qxe6 {[#] And now Nf1 would win.} Qxd4 $2 (34... Qxd2 $11 {and Black is okay.} 35. Qxf6+ Bf7 36. Nxd5 Qc1+ 37. Kh2 gxh4) 35. Nxd5 $18 ({Worse is} 35. Qxc8 Qxd2 36. Qc7 Qe1+ 37. Kh2 Qxf2 $17) 35... Qxd2 36. Qxf6+ Kg8 37. Qe5 $2 (37. Qe6+ $18 Kf8 38. Qf5+ Kg7 39. Qxc8 (39. hxg5 Bf7 $11) 39... Qe1+ 40. Kh2 Qe5+ 41. f4 Qxd5 42. Qxe8 gxf4 43. Qb8) 37... Bf7 $11 {The position is equal.} 38. Nf6+ Kf8 39. Nh7+ Kg8 40. Nf6+ Kf8 41. Nh7+ Kg8 42. Nf6+ {Precision: White = 73%, Black = 54%.} 1/2-1/2

[Event "13th Poti Nana Aleksandria Cup"]
[Site "Poti"]
[Date "2018.07.13"]
[Round "1"]
[White "Harutjunyan, Gevorg"]
[Black "Mustafayev, Farid"]
[Result "1-0"]
[WhiteElo "2418"]
[BlackElo "2068"]
[Annotator "NA RC"]
[PlyCount "69"]
[EventDate "2018.07.13"]
[EventType "swiss"]
[EventCountry "GEO"]
[SourceTitle "playchess.com"]
[Source "ChessBase"]
[SourceQuality "1"]
[TimeControl "40/5400+30:1800+30"]

1. Nf3 {[%emt 0:00:00]} Nf6 {[%emt 0:00:00]} 2. g3 {[%emt 0:00:00]} d5 {[%emt 0:00:07]} 3. Bg2 {[%emt 0:00:00]} g6 {[%emt 0:00:50]} 4. O-O {[%emt 0:00:45]} Bg7 {[%emt 0:00:03]} 5. d4 {[%emt 0:00:18]} O-O {[%emt 0:00:21]} 6. c4 {[%emt 0:00:06]} c6 {[%emt 0:00:22]} 7. cxd5 {[%emt 0:02:12]} cxd5 {[%emt 0:00:14]} 8. Nc3 {[%emt 0:00:08]} Nc6 {[%emt 0:02:26]} 9. Ne5 {[%emt 0:00:09]} e6 {[%emt 0:00:06]} 10. f4 {[%emt 0:00:11]} Bd7 {[%emt 0:02:18]} 11. Be3 {[%emt 0:00:10]} Rc8 {[%emt 0:03:20]} 12. Rc1 {[%emt 0:02:54]} Qe7 {[%emt 0:04:00]} 13. Bf2 {[%emt 0:04:07]} Rfd8 {[%emt 0:07:22]} 14. h3 {[%emt 0:04:07]} h5 {[%emt 0:07:13]} 15. e3 {[%emt 0:07:56]} Be8 {[%emt 0:01:38]} 16. g4 {[%emt 0:02:26]} hxg4 {[%emt 0:01:15]} 17. hxg4 {[%emt 0:00:07]} Nxe5 {[%emt 0:00:13]} 18. dxe5 {[%emt 0:00:47]} Nd7 {[%emt 0:00:08]} 19. Qe2 {[%emt 0:06:24]} Nc5 {[%emt 0:08:07]} 20. Nb5 {[%emt 0:06:38]} Bxb5 {[%emt 0:03:23]} 21. Qxb5 {[%emt 0:00:18]} a6 {[%emt 0:01:11]} 22. Qb4 {[%emt 0:00:45]} Bf8 {[%emt 0:09:38]} 23. Qd4 {[%emt 0:01:23]} b5 {[%emt 0:02:00]} 24. b3 {[%emt 0:08:44]} a5 {[%emt 0:03:16]} 25. Bg3 {[%emt 0:02:34]} Qb7 {[%emt 0:12:47]} 26. Bh4 {[%emt 0:05:28]} Be7 {[%emt 0:04:35]} 27. Bf6 {[%emt 0:19:13]} Bxf6 {[%emt 0:03:09]} 28. exf6 {[%emt 0:00:04]} Nd7 {[%emt 0:00:55]} 29. Rxc8 {[%emt 0:04:42]} Rxc8 {[%emt 0:01:58]} 30. f5 {[%emt 0:00:13]} Qb6 {[%emt 0:02:48]} 31. fxe6 {[%emt 0:01:11]} Qxe6 {[%emt 0:04:36]} 32. Bxd5 {[%emt 0:00:13]} Qe8 {[%emt 0:00:46]} 33. Rd1 {[%emt 0:07:37]} Ne5 {[%emt 0:01:46]} 34. Qf4 {[%emt 0:00:31]} Rd8 {[%emt 0:01:38]} 35. Kg2 {[%emt 0:01:26]} 1-0

[Event "13th Poti Nana Aleksandria Cup"]
[Site "Poti"]
[Date "2018.07.13"]
[Round "1"]
[White "Mgeladze, Tamaz"]
[Black "Mnatsakanian, Arsen"]
[Result "1-0"]
[WhiteElo "2374"]
[BlackElo "2047"]
[Annotator "NA"]
[PlyCount "119"]
[EventDate "2018.07.13"]
[EventType "swiss"]
[EventCountry "GEO"]
[SourceTitle "playchess.com"]
[Source "ChessBase"]
[SourceQuality "1"]
[TimeControl "40/5400+30:1800+30"]

1. c4 {[%emt 0:01:33]} Nf6 {[%emt 0:00:45]} 2. g3 {[%emt 0:00:16]} c5 {[%emt 0:02:48]} 3. Nc3 {[%emt 0:00:14]} g6 {[%emt 0:00:05]} 4. Bg2 {[%emt 0:00:15]} Bg7 {[%emt 0:00:06]} 5. Nf3 {[%emt 0:00:08]} Nc6 {[%emt 0:00:08]} 6. O-O {[%emt 0:00:07]} O-O {[%emt 0:00:43]} 7. d3 {[%emt 0:00:18]} d5 {[%emt 0:04:41]} 8. cxd5 {[%emt 0:03:35]} Nxd5 {[%emt 0:00:07]} 9. Nxd5 {[%emt 0:00:13]} Qxd5 {[%emt 0:00:06]} 10. Be3 {[%emt 0:00:04]} Qd6 {[%emt 0:21:19]} 11. Rc1 {[%emt 0:03:13]} Nd4 {[%emt 0:01:23]} 12. Nxd4 {[%emt 0:00:15]} cxd4 {[%emt 0:03:30]} 13. Bf4 {[%emt 0:00:06]} e5 {[%emt 0:01:10]} 14. Bd2 {[%emt 0:00:10]} a5 {[%emt 0:10:44]} 15. Qc2 {[%emt 0:05:46]} Qb6 {[%emt 0:03:26]} 16. Qc5 {[%emt 0:00:51]} Qxc5 17. Rxc5 {[%emt 0:00:06]} Bg4 {[%emt 0:01:04]} 18. Bf3 {[%emt 0:03:34]} Be6 {[%emt 0:12:11]} 19. Bxb7 {[%emt 0:10:52]} Rab8 {[%emt 0:00:08]} 20. Rc7 {[%emt 0:00:14]} Bf6 {[%emt 0:00:43]} 21. Bf3 {[%emt 0:09:03]} Rxb2 {[%emt 0:00:06]} 22. Bxa5 {[%emt 0:00:03]} Rxa2 {[%emt 0:00:44]} 23. Bb4 {[%emt 0:00:30]} Rb8 {[%emt 0:00:12]} 24. Bd6 {[%emt 0:00:43]} Rd8 {[%emt 0:08:23]} 25. Rc6 {[%emt 0:02:59]} Rda8 {[%emt 0:02:59]} 26. Kg2 {[%emt 0:03:57]} R8a6 {[%emt 0:02:20]} 27. Rfc1 {[%emt 0:02:12]} Rxc6 {[%emt 0:00:06]} 28. Rxc6 {[%emt 0:00:10]} Ra5 {[%emt 0:00:19]} 29. Rb6 {[%emt 0:03:40]} h5 {[%emt 0:03:08]} 30. h3 {[%emt 0:01:50]} Kh7 {[%emt 0:03:13]} 31. Be4 {[%emt 0:04:19]} Ra2 {[%emt 0:01:53]} 32. Bf3 {[%emt 0:03:29]} e4 {[%emt 0:02:26]} 33. Bxe4 {[%emt 0:01:37]} Rxe2 {[%emt 0:00:05]} 34. Rb4 {[%emt 0:01:16]} Bg5 {[%emt 0:02:13]} 35. Bf4 {[%emt 0:01:30]} Bf6 {[%emt 0:00:03]} 36. Bc1 {[%emt 0:00:38]} Re1 {[%emt 0:02:39]} 37. Bf4 {[%emt 0:01:00]} Kg7 {[%emt 0:00:06]} 38. Bc7 {[%emt 0:00:42]} Ba2 {[%emt 0:01:30]} 39. Rb2 {[%emt 0:01:21]} Bb1 {[%emt 0:03:12]} 40. Bf4 {[%emt 0:01:01]} Rxe4 {[%emt 0:01:11]} 41. dxe4 {[%emt 0:31:53]} Bxe4+ {[%emt 0:30:04]} 42. f3 {[%emt 0:00:00]} Bd5 {[%emt 0:00:00]} 43. h4 {[%emt 0:00:00]} d3 {[%emt 0:00:00]} 44. Rb5 {[%emt 0:00:00]} Be6 {[%emt 0:00:00]} 45. Kf2 {[%emt 0:00:00]} Bd4+ {[%emt 0:00:00]} 46. Ke1 {[%emt 0:00:00]} Bc3+ {[%emt 0:00:00]} 47. Bd2 {[%emt 0:00:00]} Bd4 {[%emt 0:00:00]} 48. Ra5 {[%emt 0:00:00]} Kf8 {[%emt 0:00:00]} 49. Bb4+ {[%emt 0:00:00]} Ke8 {[%emt 0:00:00]} 50. Ra3 {[%emt 0:00:00]} Bf5 {[%emt 0:00:00]} 51. Bc3 {[%emt 0:01:06]} Bc5 {[%emt 0:00:00]} 52. Ra4 {[%emt 0:02:18]} Ke7 {[%emt 0:00:00]} 53. Bb4 {[%emt 0:01:38]} Bxb4+ {[%emt 0:00:00]} 54. Rxb4 {[%emt 0:00:04]} f6 {[%emt 0:00:00]} 55. Kd2 {[%emt 0:04:33]} g5 {[%emt 0:00:00]} 56. Ke3 {[%emt 0:04:54]} Bg6 {[%emt 0:00:42]} 57. Rb7+ {[%emt 0:00:58]} Kf8 {[%emt 0:00:04]} 58. hxg5 {[%emt 0:00:27]} fxg5 {[%emt 0:00:13]} 59. Rb5 {[%emt 0:00:05]} Kg7 {[%emt 0:00:32]} 60. Rxg5 {[%emt 0:00:10]} 1-0